|
|
|
|
| LEADER |
00000nam2a2200000 4500 |
| 001 |
146526 |
| 005 |
20231101221231.0 |
| 035 |
|
|
|a (RuTPU)RU\TPU\book\158825
|
| 035 |
|
|
|a RU\TPU\book\158798
|
| 090 |
|
|
|a 146526
|
| 100 |
|
|
|a 20081030d1967 k y0rusy50 ca
|
| 101 |
0 |
|
|a rus
|
| 102 |
|
|
|a RU
|
| 105 |
|
|
|a a z 001zy
|
| 200 |
0 |
|
|a Сталеплавильное производство
|f гл. ред. Я. А. Гольдин
|
| 210 |
|
|
|d 1967
|
| 215 |
|
|
|a 366 с.
|c ил.
|
| 320 |
|
|
|a Библиогр. в конце разд.
|
| 430 |
|
1 |
|0 (RuTPU)RU\TPU\book\158798
|t Ч. 3: Сталеплавильное производство
|f М. С. Бойченко [и др.]
|d 1958
|p 740 с.
|
| 461 |
|
1 |
|0 (RuTPU)RU\TPU\book\158816
|t Черная металлургия капиталистических стран
|f Центральный научно-исследовательский институт информации и технико-экономических исследований черной металлургии (Черметинформация)
|v Сталеплавильное производство
|d [1964-1967]
|
| 606 |
1 |
|
|a Сталеплавильное производство
|x Автоматизация и механизация
|2 stltpush
|3 (RuTPU)RU\TPU\subj\56162
|9 74076
|
| 610 |
1 |
|
|a мартеновское производство
|
| 610 |
1 |
|
|a конверторное производство
|
| 610 |
1 |
|
|a электросталеплавильное производство
|
| 610 |
1 |
|
|a непрерывная разливка
|
| 610 |
1 |
|
|a США
|
| 610 |
1 |
|
|a Германия
|
| 610 |
1 |
|
|a Канада
|
| 610 |
1 |
|
|a Англия
|
| 610 |
1 |
|
|a Франция
|
| 610 |
1 |
|
|a Австрия
|
| 675 |
|
|
|a 669.18:65
|v 3
|
| 702 |
|
1 |
|a Гольдин
|b Я. А.
|4 651
|
| 801 |
|
1 |
|a RU
|b 63413507
|c 20081030
|g PSBO
|
| 801 |
|
2 |
|a RU
|b 63413507
|c 20180531
|g PSBO
|
| 942 |
|
|
|c BK
|